Central America Countries - Map Quiz - Statistics

General Stats
  • This quiz has been taken 233 times
  • The average score is 6 of 7
Answers on the Map
Answers color-coded by a green-red scale on the quiz's map according to % correct below.
 
Answer Stats
Answer % Correct
Panama
92%
El Salvador
86%
Belize
81%
Guatemala
81%
Costa Rica
79%
Honduras
77%
Nicaragua
77%
No matching quizzes found
Score Distribution
Percent of People with Each Score
Percentile by Number Answered
Your Score History
You have not taken this quiz